| 000 | 01215cam a22002771i 4500 | ||
|---|---|---|---|
| 003 | SA-RiAUC | ||
| 005 | 20250818055902.0 | ||
| 008 | 250801s1992 qa g f000 0 ara c | ||
| 040 |
_aKW-ShULA _bara _cSA-RiAUC _erda |
||
| 050 | 4 | _b.A65 1992 | |
| 082 | 0 | 4 | _a230.71 |
| 090 |
_a230.71 _bا ق ل |
||
| 100 | 1 |
_aأقلاينة، المكي _eمؤلف. |
|
| 245 | 1 | 2 |
_aالنظم التعليمية عند المحدثين في القرون الثلاث الأولى / _cالمكي أقلاينة. |
| 250 | _aالطبعة الأولى. | ||
| 264 | 1 |
_aالدوحة : _bوزارة الأوقاف والشؤون الإسلامية، _c1992 |
|
| 300 |
_a160 صفحة ؛ _c20 سم. |
||
| 336 |
_aنص _btxt _2rdacontent _3كتاب |
||
| 337 |
_aبدون وسيط _bn _2rdamedia |
||
| 338 |
_aمجلد _bnc _2rdacarrier |
||
| 490 | 1 |
_aكتاب الأمة / وزارة الشؤون الإسلامية والأوقاف، قطر ؛ _v34 |
|
| 650 | 7 |
_aالحديث _xدراسة وتعليم _yالعصر الإسلامي _2aucsh |
|
| 830 | 0 |
_aكتاب الأمة (قطر. وزارة الأوقاف والشؤون الإسلامية) _v34 |
|
| 942 |
_2ddc _cBOOK _n0 |
||
| 949 |
_aSA-JeALM _d250801 _umohamedma123 _n1 |
||
| 999 |
_c10911 _d10911 |
||